Obálka Náhled e-knihy:
PDF Epub
Pro půjčování e-knih musíte být přihlášeni.
Jak si půjčit online?

Star Wars. Ahsoka /

Po útěku před imperiální silou najde hlavní hrdinka útočiště na zastrčeném nedůležitém měsíci Raadě. Klid však netrvá věčně a Ahsoka se musí rozhodout, jestli bude utíkat nebo se postaví zlu čelem. Sci-fi novela ze světa Hvězdných válek.

Uloženo v:
Hlavní autor: Johnston, E. K. (Autor)
Další autoři: Šebesta, Lubomír (Autor)
Médium: E-kniha
Jazyk:Czech
Vydáno: V Praze : Egmont, 2019
Vydání:První vydání
Témata:
Příbuzné jednotky:Přeloženo z: Star Wars
Tagy:
Žádné tagy
LEADER 02719nam a2200529 i 4500
001 311319
003 CZ PrSKC
005 20260601215703.0
007 ta
008 190806s2019 xr c 000 f cze
015 |a cnb003122070 
020 |a 9788025246757  |q (brožováno) :  |c Kč 299,00 
035 |a (OCoLC)1127253390 
040 |a ABG001  |b cze  |e rda 
041 1 |a cze  |h eng 
072 7 |a 821.111-3  |x Anglická próza, anglicky psaná  |2 Konspekt 
072 7 |a 821-93  |x Literatura pro děti a mládež (beletrie)  |2 Konspekt 
080 |a 821.111(71)-31  |2 MRF 
080 |a 821-93  |2 MRF 
080 |a (0:82-311.9)  |2 MRF 
100 1 |a Johnston, E. K.  |7 xx0238670  |4 aut 
240 1 0 |a Ahsoka.  |l Česky 
245 1 0 |a Star Wars.  |p Ahsoka /  |c E.K. Johnston ; z anglického originálu Star Wars - Ahsoka ... přeložil Lubomír Šebesta 
246 3 0 |a Ahsoka 
250 |a První vydání 
264 1 |a V Praze :  |b Egmont,  |c 2019 
300 |a 223 stran ;  |c 21 cm 
336 |a text  |b txt  |2 rdacontent 
337 |a bez média  |b n  |2 rdamedia 
338 |a svazek  |b nc  |2 rdacarrier 
500 |a Dotisk prvního vydání v roce 2020 
520 2 |a Po útěku před imperiální silou najde hlavní hrdinka útočiště na zastrčeném nedůležitém měsíci Raadě. Klid však netrvá věčně a Ahsoka se musí rozhodout, jestli bude utíkat nebo se postaví zlu čelem. Sci-fi novela ze světa Hvězdných válek.  |b Bývalá padawanka Řádu Jedi, Ahsoka Tano, se na konci Klonových válek uchýlila na odlehlou planetu Thabescu na Vnějším okraji, aby tak unikla očím nepřítele. To se jí dařilo až do dne oslav Impéria, kdy planetu zaplavili stromtroopeři a jí nezbylo než narychlo opustit zemi v ukradené lodi, aniž by tušila, kde najde útočiště. 
546 |a Český text 
655 7 |a kanadské romány (anglicky)  |7 fd139325  |2 czenas 
655 7 |a vědecko-fantastické romány  |7 fd133847  |2 czenas 
655 7 |a publikace pro mládež  |7 fd133157  |2 czenas 
655 9 |a Canadian fiction (English)  |2 eczenas 
655 9 |a science fiction novels  |2 eczenas 
655 9 |a juvenile literature  |2 eczenas 
700 1 |a Šebesta, Lubomír  |7 xx0084760  |4 trl 
765 0 |t Star Wars 
900 |a ABA001  |b 20 
928 9 |a Albatros Media - Egmont 
044 |a xr 
910 |a RBIT002 
998 |d 317739  |a https://core.palmknihy.cz/api/books/317739/cover?si6zkl  |b https://core.palmknihy.cz/api/books/317739/cover/400?si6zkl  |c https://core.palmknihy.cz/api/books/317739/cover/50?si6zkl  |e 2026-12-31  |g 224  |i 9788025246757  |j https://core.palmknihy.cz/api/books/317739/preview.epub  |k https://core.palmknihy.cz/api/books/317739/preview.pdf  |l   |q 49  |r 1  |s https://www.palmknihy.cz/kniha/317739  |t ebook  |y 2021  |z 0 
999 |d 311317